Les 2 villes les plus peuplées par région française en H/I - Statistiques

Statistiques générales
  • Ce quiz a été pris 65 fois
  • Le résultat moyen est 10 sur 26
Statistiques - réponses
Régions Départements Population Lettres Villes % Correct
Côte d'Or 4 000 I Is sur Tille
98%
Bouches du Rhône 44 000 I Istres
77%
Provence Alpes Côte d’Azur Var 55 000 H Hyères
75%
Val de Marne 63 000 I Ivry sur Seine
68%
Île de France Hauts de Seine 67 000 I Issy les Moulineaux
64%
Pays de la Loire Vendée 17 000 Les H Les Herbiers
59%
Grand Est Bas Rhin 36 000 H Haguenau
57%
Auvergne Rhône Alpes Puy de Dôme 13 000 I Issoire
55%
Nouvelle Aquitaine Pyrénées Atlantiques 18 000 H Hendaye
48%
Centre Val de Loire Indre 11 000 I Issoudun
48%
Pyrénées Orientales 6 000 I Ille-sur-Têt
45%
Bas Rhin 27 000 I Illkirch-Graffenstaden
41%
Normandie Calvados 22 000 H Hérouville-Saint-Clair
36%
Hauts de France Pas de Calais 26 000 H Hénin Beaumont
32%
Corse Haute Corse 3 000 L'I L'Île Rousse
32%
Bretagne Morbihan 16 000 H Hennebont
27%
Haute Vienne 8 000 I Isle
27%
Nord 21 000 H Hazebrouck
20%
Occitanie Gers 9 000 L'I L'Isle-Jourdain
20%
Bourgogne Franche Comté Haute Saône 11 000 H Héricourt
18%
Calvados 12 000 I Ifs
18%
Morbihan 7 000 I Inzinzac-Lochrist
13%
Rhône 9 000 I Irigny
7%
Maine et Loire 9 000 Les H Les Hauts d'Anjou
4%
Loiret 10 000 I Ingré
2%
Haute Corse 300 I Isolaccio-di-Fiumorbo
0%
Aucun quiz correspondant
Distribution des résultats
% des personnes avec chaque résultat
Percentile par nombre de réponses
Votre historique - résultats
Vous n’avez pas pris ce quiz